Alabama Crimson Tide Football Trivia - Statistics

General Stats
  • This quiz has been taken 2,202 times
    1,927 since last reset
  • The average score is 14 of 17
Answer Stats
Question Answer % Correct
Head coach of Alabama from 2007–2023 Nick Saban
98%
Conference that Alabama plays in Southeastern Conference
98%
Biggest in-state rivals Auburn
95%
Two-word rallying cry of the team {Roll} Tide
95%
What type of animal is "Big Al", the team mascot? Elephant
92%
Name of the annual matchup between those two teams {Iron} Bowl
91%
Name the Heisman winner : 2015 RB Derrick Henry
86%
Name the Heisman winner : 2021 QB Bryce Young
85%
Name the Heisman winner : 2020 WR DeVonta Smith
85%
City that is home to the University of Alabama Tuscaloosa
85%
Coach from 1958–1982 who led Alabama to six national championships Paul "Bear" Bryant
76%
Name the Heisman winner : 2009 RB Mark Ingram
74%
School that Alabama plays against on the "Third Saturday in October" Tennessee
74%
Samoan who has the most passing TDs in team history Tua Tagovailoa
73%
Former Alabama quarterback who won Super Bowl III Joe Namath
69%
Former Alabama quarterback who won Super Bowls I and II Bart Starr
60%
Name of the team marching band {Million} {Dollar} Band
46%
No matching quizzes found
Score Distribution
Percent of People with Each Score
Percentile by Number Answered
Your Score History
You have not taken this quiz since the last reset